the study on farmer livelihood in stung chinit irrigation project, kampong thom province (ការសិក្សាអំពីបំរែបំរួលកំរិតជីវភាព របស់ប្រជាកសិករក្នុងគំរោងប្រព័ន្ធស្រោចស្រពស្ទឹងជីនិត ខេត្តកំពង់ធំ) (Record no. 4554)

000 -LEADER
fixed length control field 00746nam a22001577a 4500
003 - CONTROL NUMBER IDENTIFIER
control field OSt
005 - DATE AND TIME OF LATEST TRANSACTION
control field 20151216102049.0
008 - FIXED-LENGTH DATA ELEMENTS--GENERAL INFORMATION
fixed length control field 151216b xxu||||| |||| 00| 0 eng d
040 ## - CATALOGING SOURCE
Transcribing agency RUA
082 ## - DEWEY DECIMAL CLASSIFICATION NUMBER
Classification number AED CHE 2007 B226 Or.1
100 ## - MAIN ENTRY--PERSONAL NAME
9 (RLIN) 4903
Personal name CHET, SOPHEAP.
245 ## - TITLE STATEMENT
Title the study on farmer livelihood in stung chinit irrigation project, kampong thom province (ការសិក្សាអំពីបំរែបំរួលកំរិតជីវភាព របស់ប្រជាកសិករក្នុងគំរោងប្រព័ន្ធស្រោចស្រពស្ទឹងជីនិត ខេត្តកំពង់ធំ)
260 ## - PUBLICATION, DISTRIBUTION, ETC. (IMPRINT)
Place of publication, distribution, etc. Phnom Penh
Name of publisher, distributor, etc. RUA
Date of publication, distribution, etc. 2007
300 ## - PHYSICAL DESCRIPTION
Extent xi, 52p.
Other physical details ill.
Dimensions 29cm.
942 ## - ADDED ENTRY ELEMENTS (KOHA)
Source of classification or shelving scheme
Koha item type AED
Holdings
Price effective from Date last seen Permanent Location Not for loan Date acquired Source of classification or shelving scheme Koha item type Lost status Withdrawn status Total Renewals Date last checked out Total Checkouts Shelving location Damaged status Barcode Current Location Full call number
2015-12-162016-08-26Library Block B 2015-12-16 AED   2016-08-151B226 RUA030750Library Block BAED CHE 2007 B226 Or.1
2015-12-162016-12-16Library Block B 2015-12-16 AED  12016-10-204B226 RUA030794Library Block BAED CHE 2007 B226 Or.2
2015-12-162015-12-16Library Block B 2015-12-16 AED     B226 RUA030856Library Block BAED CHE 2007 B226 Or.3
2015-12-162015-12-16Library Block B 2015-12-16 AED     B226 RUA030729Library Block BAED CHE 2007 B226 Or.4
2015-12-162015-12-16Library Block B 2015-12-16 AED     B226 RUA030915Library Block BAED CHE 2007 B226 Or.5
2015-12-162016-03-30Library Block B 2015-12-16 AED   2016-03-212B226 RUA030796Library Block BAED CHE 2007 B226 Or.6
មជ្ឈមណ្ឌលឯការនៃសាកលវិទ្យាល័យភូមិន្ទកសិកម្មចំការដូង

Powered by Koha